| 000 | 03395cam a2200505 i 4500 | ||
|---|---|---|---|
| 001 | 22417566 | ||
| 003 | CSPC | ||
| 005 | 20250905171937.0 | ||
| 008 | 220209t20222022enk b 001 0 eng d | ||
| 010 | _a 2022932598 | ||
| 015 |
_aGBC2C6718 _2bnb |
||
| 016 | 7 |
_a020683170 _2Uk |
|
| 020 |
_a9781509521661 _z(paperback) |
||
| 035 | _a22417566 | ||
| 035 | _a(OCoLC)1267456634 | ||
| 040 |
_aYDX _beng _erda _cYDX _dBDX _dUKMGB _dOCLCF _dGRU _dCDX _dMUU _dORZ _dDLC _dCSPC |
||
| 042 | _alccopycat | ||
| 050 | 0 | 0 |
_aQC903 _b.M398 2022 |
| 082 | 0 | 4 |
_a363.73874 _bM459c _223 |
| 100 | 1 |
_aMcKinnon, Catriona. _eauthor. |
|
| 245 | 1 | 0 |
_aClimate change and political theory / _cCatriona McKinnon. |
| 264 | 1 |
_aCambridge, United Kingdom ; _aHoboken, New Jersey : _bPolity Press, _c2022. |
|
| 300 |
_aviii, 214 pages ; _c22 cm. |
||
| 336 |
_atext _btxt _2rdacontent |
||
| 337 |
_aunmediated _bn _2rdamedia |
||
| 338 |
_avolume _bnc _2rdacarrier |
||
| 490 | 1 | _aAnd political theory series | |
| 504 | _aIncludes bibliographical references and index. | ||
| 505 | 0 | _aIntroduction : an unprecedented challenge -- Why haven't we achieved climate justice? -- Who are the victims of climate injustice? -- Risk, uncertainty, and ignorance : challenges for climate policymaking? -- Who is responsible for climate injustice? - What are our options in the face of climate failure? -- Geoengineering : saviour technologies or fantasies of control? -- Conclusion. | |
| 520 | _a"Climate change is an ethical failure. Floods, fire, droughts, and extreme weather caused by climate change are already killing people and ruining lives on a massive scale. These avoidable impacts hurt the most vulnerable among us first, and worst. Why have we failed to tackle climate change? How can we do better politically, socially, and economically? Where does the greatest responsibility for action lie? In this book, Catriona McKinnon unravels the vital contributions made by engaged political theory to urgent climate challenges left unmet by a lack of political will. These challenges, and our political inertia, cannot be tackled without addressing questions of responsibility, collective duty, fairness, harm, techno-optimism, the value of nature, and the future of humanity. McKinnon's philosophical analysis is interwoven with discussion of the latest climate science, current politics and policies, and emerging technologies, in order to show that we will not find acceptable routes out of the climate crisis without the compass of political theory."--Page [4] of cover. | ||
| 650 | 0 |
_aClimatic changes _xPolitical aspects. |
|
| 650 | 0 |
_aClimatic changes _xPrevention _xGovernment policy. |
|
| 650 | 0 | _aEnvironmental ethics. | |
| 650 | 0 | _aPolitical science. | |
| 650 | 7 |
_aClimatic changes _xPolitical aspects. _2fast _0(OCoLC)fst00864257 |
|
| 650 | 7 |
_aEnvironmental ethics. _2fast _0(OCoLC)fst00912979 |
|
| 650 | 7 |
_aPolitical science. _2fast _0(OCoLC)fst01069781 |
|
| 776 | 0 | 8 |
_iebook version: _z9781509521692 |
| 830 | 0 | _aAnd political theory series. | |
| 906 |
_a7 _bcbc _ccopycat _d2 _encip _f20 _gy-gencatlg |
||
| 942 |
_2ddc _cBK _e23 _h363.73874 _iM459c _kGRD _m2022 _n0 |
||
| 999 |
_c30251 _d30251 |
||